000 01036nam a2200301 4500
003 OSt
005 20260601170959.0
008 260422b2017\\\\mx\|||||\||||\00|\0\spa\d
020 _a9786073150118
040 _aICI
_bspa
_cICI
041 _aspa
050 _aBF448
_bG53318 2017
100 1 _aGladwell, Malcolm,
_d1963-
_eautor
240 1 _aBlink. The power of thinking without thinking.
_lEspañol
245 1 _aBlink :
_binteligencia intuitiva : ¿por qué sabemos la verdad en dos segundos? /
_cMalcolm Gladwell ; traducción de Gloria Mengual.
246 _aInteligencia intuitiva
250 _aPrimera edición, primera reimpresión.
264 _aCiudad de México :
_bPenguin Random House Grupo Editorial,
_c2017
300 _a328 páginas
_c18.8 cm
336 _atexto
_2rdacontent
337 _asin medio
_2rdamedia
338 _avolumen
_2rdacarrier
490 1 _aDebolsillo. Best seller
650 _aToma de decisiones
650 _aIntuición
700 1 _aMengual, Gloria,
_etraductor
_931160
942 _2lcc
_cB
999 _c19997
_d19997